000 01156nab a2200301 u 4500
001 09694
003 HDC
007 cr bn ---aaaaa
008 210202c mydr|nes 0 a may d
040 _aHDC
100 _aKamarul Yunus
_eauthor
_99884
245 0 _aKFCH, Felda team up for broiler farm venture in Johor /
_cby Kamarul Yunus
260 _aKuala Lumpur :
_bThe New Straits Times,
_c2012
336 _atext
_2rdacontent
337 _acomputer
_2rdamedia
338 _aonline resource
_2rdacarrier
650 _abroiler farm venture
_912693
650 _aBusiness industry
_96119
650 _aeconomic growth
_94226
650 _aKFCH
_912694
650 _aSmall and medium enterprise
_98448
710 _aNew Staits Times
856 _zRequest full-text at [email protected]
856 _zRequest full-text at [email protected]
942 _2lcc
942 _cNEWS
942 _kNWSC 003033
999 _c7017
_d7017